000 00526cam a2200205ua 4500
001 8068
005 20260515114306.0
008 150108n ii |||gr||||Z||||||hin
040 _cMAIN
041 _ahin
082 _a491.43
100 _aSikshit, S, S.,
_eAuthor.
245 1 _aBhasa-bhaskar :
_bDbitiy alok /
_cBy Shanti Swaroop Dikshit .
250 _a1st.
260 _aShikohabad:
_bKrishna,
_c1989.
300 _a550p.
653 _aEast Indo-European & Celtic languages
653 _aHindi language
942 _cBK
999 _c7179
_d7179